000 00670nam a2200193 4500
001 148017
003 ES-MaACL
005 20230906202401.0
007 t|
008 070214s1948 it r ||||1| ita d
100 1 _aSticotti, Piero.
_9108200
245 1 0 _aFabio Severo /
_cPiero Sticotti.
260 _aTrieste :
_bUfficio Stampa e Propaganda della Lega Nazionale,
_c1948 (
_fStabilimento Tip. Nazionale)
300 _a14 p., L h. :
_bil. ;
_c17 cm.
490 1 _aCollana di opuscoli di volgarizzazione storica ;
_v3
830 0 _aCollana di opuscoli di volgarizzazione storica ;
_v3
_9187495
852 _aES-MaACL
_j1906-F-6
_bR.29277
999 _c148017
_d148017